000 00368nam a2200133Ia 4500
008 240624s9999 xx 000 0 und d
041 _aeng
082 _a658.3 KAN
100 _aKANDULA
245 _aHUMAN RESOURCE MANAGEMENT IN PRACTICE WITH 300 MODELS TECH
260 _c2008
_aNew Delhi
_bPrentice-Hall of India
300 _a384 : p. : cm. ; 22
365 _cRS
_b35
999 _c13461
_d13461